header

Globalization and educational reform: What planners need to know (Record no. 264445)

MARC details
000 -LEADER
fixed length control field 00434nam a22001697a 4500
003 - CONTROL NUMBER IDENTIFIER
control field OSt
005 - DATE AND TIME OF LATEST TRANSACTION
control field 20240902133443.0
008 - FIXED-LENGTH DATA ELEMENTS--GENERAL INFORMATION
fixed length control field 240902b xxu||||| |||| 00| 0 eng d
020 ## - INTERNATIONAL STANDARD BOOK NUMBER
International Standard Book Number 9280311921
040 ## - CATALOGING SOURCE
Transcribing agency RU
100 ## - MAIN ENTRY--PERSONAL NAME
Personal name Carnoy, Martin
110 ## - MAIN ENTRY--CORPORATE NAME
Corporate name or jurisdiction name as entry element UNESCO/IIEP
245 ## - TITLE STATEMENT
Title Globalization and educational reform: What planners need to know
260 ## - PUBLICATION, DISTRIBUTION, ETC. (IMPRINT)
Place of publication, distribution, etc Paris, France
Name of publisher, distributor, etc UNESCO/IIEP
Date of publication, distribution, etc 1999
300 ## - PHYSICAL DESCRIPTION
Extent 96p
942 ## - ADDED ENTRY ELEMENTS (KOHA)
Source of classification or shelving scheme Library of Congress Classification
Koha item type Long Loan Books
Holdings
Withdrawn status Lost status Source of classification or shelving scheme Damaged status Not for loan Collection code Home library Current library Shelving location Date acquired Total Checkouts Full call number Barcode Date last seen Price effective from Koha item type
    Library of Congress Classification     Non-fiction Rongo University Library Rongo University Library General Stacks 02/09/2024   LC2605 .C376 1999 202401038 02/09/2024 02/09/2024 Long Loan Books

© 2026 Rongo University
Contact us: librarian | system librarian | Rongo university